[Event "Toulouse Petit Capitole op"]
[Site "Toulouse"]
[Date "2015.05.30"]
[Round "2"]
[White "La Spina, Romeo"]
[Black "Brisot, Cyril"]
[Result "1-0"]
[WhiteElo "1421"]
[BlackElo "1752"]
[PlyCount "111"]
[EventDate "2015.05.30"]
[EventType "swiss"]
[EventRounds "6"]
[EventCountry "FRA"]
[SourceTitle "EXT 2016"]
[Source "ChessBase"]
[SourceDate "2015.10.08"]
[SourceVersion "1"]
[SourceVersionDate "2015.10.08"]
[SourceQuality "1"]

1. d4 Nf6 2. Nf3 g6 3. Bg5 Bg7 4. e3 0-0 5. Nbd2 d6 6. c4 Nbd7 7. Be2 c5 8. 0-0 h6 9. Bh4 g5 10. Bg3 Nh5 11. Qc2 Nxg3 12. hxg3 cxd4 13. exd4 e5 14. dxe5 dxe5 15. Bd3 Nc5 16. Bf5 Ne6 17. Rfe1 Nd4 18. Nxd4 exd4 19. Bd3 Bd7 20. Rab1 f5 21. Qb3 Qf6 22. Qxb7 Bc6 23. Qe7 Rae8 24. Qxf6 Rxf6 25. Rxe8+ Bxe8 26. Nf3 Rf7 27. Re1 Kf8 28. Re6 Rc7 29. b3 Bf7 30. Rd6 Ke7 31. Ra6 Be6 32. Ra5 f4 33. gxf4 gxf4 34. Ne5 Kd6 35. Ng6 f3 36. gxf3 Kd7 37. Bf5 Bxf5 38. Rxf5 Ke6 39. Rf4 Rd7 40. Nf8+ Bxf8 41. Rxf8 d3 42. Re8+ Kf5 43. Re1 Kf4 44. Kg2 Rg7+ 45. Kf1 Rd7 46. c5 a5 47. a3 h5 48. b4 axb4 49. axb4 Rb7 50. c6 Rxb4 51. Re4+ Rxe4 52. fxe4 Kf3 53. Ke1 h4 54. c7 h3 55. c8Q h2 56. Qh3+ 1-0